MARC details
| 000 -LEADER |
| fixed length control field |
01290nam a2200337 i 4500 |
| 001 - CONTROL NUMBER |
| control field |
bl2021028350 |
| 003 - CONTROL NUMBER IDENTIFIER |
| control field |
OSt |
| 005 - DATE AND TIME OF LATEST TRANSACTION |
| control field |
20260113054653.0 |
| 008 - FIXED-LENGTH DATA ELEMENTS--GENERAL INFORMATION |
| fixed length control field |
211109r20211998onc 000 1 eng d |
| 010 ## - LIBRARY OF CONGRESS CONTROL NUMBER |
| LC control number |
bl2021028350 |
| 020 ## - INTERNATIONAL STANDARD BOOK NUMBER |
| International Standard Book Number |
9780778311263 |
| 040 ## - CATALOGING SOURCE |
| Original cataloging agency |
NjBwBT |
| Language of cataloging |
eng |
| Transcribing agency |
NjBwBT |
| Description conventions |
rda |
| 100 1# - MAIN ENTRY--PERSONAL NAME |
| Personal name |
Macomber, Debbie, |
| Relator term |
author. |
| 245 14 - TITLE STATEMENT |
| Title |
The perfect Christmas / |
| Statement of responsibility, etc. |
Debbie Macomber. |
| 264 #1 - PRODUCTION, PUBLICATION, DISTRIBUTION, MANUFACTURE, AND COPYRIGHT NOTICE |
| Place of production, publication, distribution, manufacture |
Toronto, Ontario, Canada : |
| Name of producer, publisher, distributor, manufacturer |
Mira, |
| Date of production, publication, distribution, manufacture, or copyright notice |
2021. |
| 300 ## - PHYSICAL DESCRIPTION |
| Extent |
298 pages ; |
| Dimensions |
17 cm. |
| 336 ## - CONTENT TYPE |
| Content type term |
text |
| Source |
rdacontent. |
| 337 ## - MEDIA TYPE |
| Media type term |
unmediated |
| Source |
rdamedia. |
| 338 ## - CARRIER TYPE |
| Carrier type term |
volume |
| Source |
rdacarrier. |
| 500 ## - GENERAL NOTE |
| General note |
First work originally published: Don Mills, Ont. : Mira Books, c2009. Second work originally published: Don Mills, Ont. : Mira, 1998. |
| 505 0# - FORMATTED CONTENTS NOTE |
| Formatted contents note |
The perfect Christmas -- Can this be Christmas? |
| 520 ## - SUMMARY, ETC. |
| Summary, etc. |
Tired of being single, Cassie Beaumont, who longs for a husband and kids, hires professional matchmaker Simon Dodson who assigns her three tasks to complete before she meets her perfect match. |
| 650 #0 - SUBJECT ADDED ENTRY--TOPICAL TERM |
| Topical term or geographic name as entry element |
Dating services |
| Form subdivision |
Fiction. |
| 655 #0 - INDEX TERM--GENRE/FORM |
| Genre/form data or focus term |
Christmas fiction. |
| 655 #0 - INDEX TERM--GENRE/FORM |
| Genre/form data or focus term |
Romance fiction. |
| 655 #0 - INDEX TERM--GENRE/FORM |
| Genre/form data or focus term |
Novels. |
| 700 12 - ADDED ENTRY--PERSONAL NAME |
| Personal name |
Macomber, Debbie. |
| Title of a work |
Can this be Christmas? |
| 730 ## - ADDED ENTRY--UNIFORM TITLE |
| Uniform title |
Novels. |
| Form subheading |
Selections. |
| 740 02 - ADDED ENTRY--UNCONTROLLED RELATED/ANALYTICAL TITLE |
| Uncontrolled related/analytical title |
Can this be Christmas? |
| 942 ## - ADDED ENTRY ELEMENTS (KOHA) |
| Koha item type |
Libro/Book |